MDQL
is popping MORE tags! Check the
thread
!
Quizzes
Events
Quiz Creation
Community
Videos
Private Events
Remove Ads
Sign In
Join for FREE
Feedback
Dark Mode
Quiz Categories
Sports
Geography
Music
Movies
Television
Just For Fun
Miscellaneous
History
Literature
Language
Science
Gaming
Entertainment
Religion
Holiday
For Kids
Quiz Lab
Recent
Popular Today
Quiz Kudos Today
Editor Picks
Curator Picks
Quizzes by...
Day
Popularity
Type
Ratings
Length
Year
Community
Subscriptions
Recent Discussions
Orange Saloon
Badges
Playlists
Quests
Create
Leaderboards
Showdown
Live 5
Trivia Bingo
Activity
Puzzle Library
Sporcle Events
Private Events
Virtual Trivia
Globe League
Become a Host
Pub Owners
SporcleCon
Opinionation
Our Games
Videos
Blog
Mobile Apps
Partnerships
Remove Ads and Go Orange
Feedback
Just For Fun
Clickable
Get the Picture
Humor
Quick Pick
Word Ladder
Missing Word
Mixed Word
Blitz
Minefield
This or That
Alphabet
Color
Typing
Sporcle
Puzzle
Word Play
Follow That Line
Logic
Just For Fun
Clickable
Get the Picture
Humor
Quick Pick
Word Ladder
Missing Word
Mixed Word
Blitz
Minefield
This or That
Alphabet
Color
Typing
Sporcle
Puzzle
Word Play
Follow That Line
Logic
Random Quiz
Search Sporcle
×
Quiz Lab
Quiz Lab
Just For Fun
park
Type in answers that appear in a list
Type in answers that appear in a list
Classic
Best Score? Go Orange.
B&M roller coasters in the US Stats
Can you name the B&M roller coasters in the US?
By
millennium
7m
49 Questions
361 Plays
361 Plays
361 Plays
Comments
Comments
Give Quiz Kudos
Give Quiz Kudos
-
- Ratings
hide this ad
More Info
Replay
Link that replays current quiz
Next Quiz
Link to next quiz in quiz playlist
You Got
0%
They Got
Avg Score
79%
Avg Friend Score
Upgrade to see
Score Distribution
Jump to the score distribution portion of the page
Score
0/49
Timer
07:00
0
Plays Today
park
roller coaster
% Correct
Six Flags Great America
Batman The Ride
93.3%
Six Flags Great Adventure
Batman The Ride
93.3%
Six Flags Magic Mountain
Batman The Ride
93.3%
Six Flags St.Louis
Batman The Ride
93.3%
Six Flags over Georgia
Batman The Ride
93.3%
Six Flags over Texas
Batman The Ride
93.3%
Six Flags New England
Batman The Ride
93.3%
Six Flags Fiesta Texas
Superman Krypton Coaster
89.2%
Six Flags over Gerogia
Superman Ultimate Flight
89.2%
Six Flags Great America
Superman Ultimate Flight
89.2%
Six Flags Great Adventure
Superman Ultimate Flight
89.2%
Cedar Point
Raptor
85.3%
Cedar Point
Mantis
84.7%
Six Flags over Georgia
Goliath
84.4%
Six Flags Fiesta Texas
Goliath
84.4%
Busch Gardens Tampa
Montu
84.2%
HersheyPark
Great Bear
83.6%
Six Flags Great Adventure
Bizarro
83.6%
Sea World Orlando
Manta
83.6%
Six Flags Great Adventure
Nitro
83.3%
Busch Gardens Virginia
Apollos Chariot
82.8%
Carowinds
Intimidator
82.5%
Busch Gardens Tampa
Kumba
81.4%
Islands of Adventure
Incredible Hulk
81.4%
Busch Gardens Virginia
Alpengeist
81.1%
park
roller coaster
% Correct
Busch Gardens Tampa
SheiKra
80.3%
Busch Gardens Virginia
Griffon
78.3%
Kings Island
Diamondback
77.8%
Six Flags Discovery Kingdom
Medusa
76.4%
Dorney Park
Talon
76.1%
Six Flags Magic Mountain
Riddlers Revenge
75.3%
Six Flags Great America
Raging Bull
75.3%
Dorney Park
Hydra The Revenge
75.3%
Six Flags Magiic Mountain
Tatsu
75.3%
Worlds of Fun
Patriot
75.3%
Carowinds
Afterburn
75%
Knotts Berry Farm
Silver Bullet
74.7%
Six Flags Magic Mountain
Scream!
73.6%
Kings Dominion
Dominator
73.3%
Islands of Adventure
Dueling Dragons
72.8%
Californias Great America
Vortex
70.3%
Carowinds
Vortex
70.3%
Californias Great America
Flight Deck
70.3%
Silver Dollar City
Wildfire
67.8%
Sea World San Antonio
Great White
66.4%
Six Flags over Georgia
Georgia Scorcher
63.6%
Six Flags Great America
Iron Wolf
60.6%
Six Flags Kentucky Kingdom
Chang
55.8%
Sea World Orlando
Kracken
46.7%
Quiz Playlist
Details
Report
Send in Message
Add To Playlist
More Info:
Six Flags lack of creativity made this quiz easier than it should be
Classic:
Type in answers that appear in a list
Last Updated: Feb 16, 2017
Quiz Scoreboard
CHALLENGE
Sign Up to Join the Scoreboard
Show All
Scores
Hide
Comments
May contain spoilers
Recently Published
Find the 'City' Movie
by crazypaving
Movies
60s
5x2 Blitz: Bands
by SL_Kpop136
Music
30s
Colored Red Africa Blitz
by spor1
Geography
30s
More to Explore
Quiz From the Vault
Featured Blog Post
14 Easter Pick-up Lines to Find Eggs With
hide this ad
You Might Also Like...
Tags
Coaster
Opened
park
Roller
Today's Top Quizzes in Just For Fun
Browse Just For Fun
hide this ad
Today's Top Quizzes in park
Browse park
Top Contributed Quizzes in Just For Fun
1
Name Just One - 10 to 1: Just For Fun
2
Avatar the Last Airbender: Logic Puzzle
3
Missing Word: 2-Letter A-Z II
4
Missing Letter Whitney Houston Songs
5
Survivor Winners Logic Puzzle
6
It's Magic / Witchcraft 🎩🪄🧙♀️
7
Missing Word: 'Of' Things A-Z
8
Shadowhunters Protagonists Logic Quiz
9
Quick 5-Color Logic (18)
10
Medium Renzoku Puzzle 11
Explore More
Trending Topics
Kpop
Crossword
Marvel
Harry Potter
NBA
Disney
Anime
Song
The Office
WWE
Soccer
NFL
Pokémon
Country
Puzzle
hide this ad
More By:
millennium
Quiz
Plays
Rating
Category
Featured
Created
amusement parks
365
3.67
Just For Fun
Apr 3, 2010
B&M roller coasters in the US
361
4.50
Just For Fun
Apr 11, 2010
roller coasters in Pennsylvania
288
2.50
Just For Fun
Apr 22, 2010
longest current playoff droughts
159
4.00
Sports
Apr 11, 2010
relocated teams
112
5.00
Sports
Apr 3, 2010
Go to Creator's Profile
Score Distribution
Quiz Creator Spotlight
millennium
Follow
Send a Message
Quizzes Created
-
Created Quiz Play Count
-
More By This Creator
Popular Quizzes Today
1
Colored Red Africa Blitz
2
Find the 'City' Movie
3
Find the US States - No Outlines Minefield
4
5x2 Blitz: Bands
5
The Countries of the World
6
Find the US States
7
US States
8
Find the Countries of Europe - No Outlines Minefield
More Just For Fun Quizzes
Missing Word: 4-Letter Words in Song Titles II
Published
Trending Quizzes
Colored Red Europe Blitz I
Colored Red Africa Blitz II
Colored Red Europe Blitz II
Colored Red Europe Blitz III
Colored Red Africa Blitz III
Recently Updated
How Do You Spell That?
pecheneg
Godzilla Movies
pecheneg
Grab Bag: 4-10 Letters
pecheneg
2024 March Madness Bracket
pecheneg
Famous TV Couples
Peacemaker
Champions League XIs: Real Madrid
pecheneg
Largest US Cities 1790-2010
pecheneg
Rides in Walt Disney World
pecheneg
Most Oscar Losses (Acting)
pecheneg
Beyoncé Albums
pecheneg
Trending Topics
Crossword
Marvel
Harry Potter
NBA
Kpop
Disney
Anime
WWE
Soccer
Country
NFL
Puzzle
The Office
Song
Pokémon
Your Account Isn't Verified!
In order to create a playlist on Sporcle, you need to verify the email address you used during registration. Go to your
Sporcle Settings
to finish the process.
Report this User
Report this user for behavior that violates our
Community Guidelines
.
Details:
Send Report
Go to the Sporcle.com Mobile Site →
Comments